000 01784cam a22004454a 4500
001 15151065
005 20170105102921.0
008 080123s2007 enkabf b 001 0 eng
010 _a 2008360142
015 _aGBA754027
_2bnb
016 7 _a013789932
_2Uk
020 _a9781843545330 (hbk.)
020 _a1843545330 (hbk.)
020 _a9781843545347 (trade pbk.)
020 _a1843545349 (trade pbk.)
035 _a(OCoLC)ocn155686944
040 _aUKM
_cUKM
_dBTCTA
_dYDXCP
_dTXA
_dOSU
_dDLC
043 _aa-pk---
_an-us---
050 0 0 _aU264.5
_b.L45 2007
_aE183.8.P18
082 0 4 _a355.0217095491
_222
100 1 _aLevy, Adrian,
_d1965-
245 1 0 _aDeception :
_bPakistan, the United States and the secret trade in nuclear weapons /
_cAdrian Levy & Catherine Scott-Clark.
246 3 0 _aPakistan, the United States and the secret trade in nuclear weapons
260 _aLondon :
_bAtlantic,
_c2007.
300 _axxii, 586 p., [16] p. of plates :
_bill (some col.), maps ;
_c24 cm.
504 _aIncludes bibliographical references (p. 545-548) and index.
600 1 0 _aKhan, A. Q.
_q(Abdul Qadeer),
_d1936-
650 0 _aNuclear weapons
_zPakistan
_xHistory.
650 0 _aArms race
_zPakistan.
650 0 _aNuclear nonproliferation.
650 0 _aMilitary assistance, American
_zPakistan.
651 0 _aPakistan
_xForeign relations
_zUnited States.
651 0 _aUnited States
_xForeign relations
_zPakistan.
700 1 _aScott-Clark, Cathy,
_d1965-
856 4 1 _3Table of contents
_uhttp://www.loc.gov/catdir/toc/fy0803/2008360142.html
906 _a7
_bcbc
_corigres
_d2
_encip
_f20
_gy-gencatlg
942 _2ddc
_cBK
999 _c15579
_d15579